| 000 | 00379cam a2200157ua 4500 | ||
|---|---|---|---|
| 041 |
_aeng _h |
||
| 082 |
_a823.308 _bMAL/SA |
||
| 100 | _aMaltland, Jim . | ||
| 245 |
_aSapper / _cJim Maltland. _hTextual Documents |
||
| 250 |
_a1 / _b. |
||
| 260 |
_aLondon : _bUniversity of London Press Ltd , _c1956. |
||
| 300 | _a192 ; . | ||
| 504 | _a | ||
| 942 | _cBK | ||
| 999 |
_c6691 _d6691 |
||